|
|
|
|
| LEADER |
01605nam a22002657a 4500 |
| 001 |
28561 |
| 003 |
BD-DhAAL |
| 005 |
20171015163235.0 |
| 008 |
141119s1982 bg b 001 0 ben d |
| 999 |
|
|
|c 33150
|d 33150
|
| 020 |
|
|
|a 9844000912
|
| 040 |
|
|
|a BD-DhAAL
|c BD-DhAAL
|d BD-DhAAL
|
| 082 |
|
|
|2 22
|a 954.9205
|
| 245 |
|
|
|a বাংলাদেশের স্বাধীনতা যুদ্ধ দলিলপত্র, তৃতীয় খণ্ড :
|b মুজিব নগর : প্রশাসন /
|c সম্পাদক হাসান হাফিজুর রহমান
|
| 260 |
|
|
|a ঢাকা :
|b তথ্য মণ্ত্রণালয়,
|c ১৯৮২ [পুনর্মূদ্রণ ২০০৩]
|
| 300 |
|
|
|a ৯৯১ পৃষ্ঠা ;
|c ২৪ সে. মি.
|
| 526 |
|
|
|a AAL
|
| 541 |
|
|
|e 28561, 32236
|
| 650 |
|
|
|a Bangladesh
|x History
|x Revolution
|y 1971
|9 6077
|
| 700 |
|
|
|a রহমান, হাসান হাফিজুর
|9 6078
|
| 852 |
|
|
|a Ayesha Abed Library
|c General Stacks
|
| 942 |
|
|
|2 ddc
|c BK
|
| 952 |
|
|
|0 0
|1 0
|2 ddc
|4 0
|6 954_920500000000000_BAN
|7 0
|9 44252
|a BRACUL
|b BRACUL
|c BNC
|d 2014-12-01
|l 1
|o 954.9205 BAN
|p 3010028651
|r 2024-01-23
|s 2023-12-20
|t 1
|w 2014-12-01
|y BK
|
| 952 |
|
|
|0 0
|1 0
|2 ddc
|4 0
|6 954_920500000000000_BAN
|7 0
|9 54761
|a SCL
|b SCL
|c GEN
|d 2015-07-06
|g 1000.00
|l 2
|m 3
|o 954.9205 BAN
|p 3020008121
|r 2019-08-01
|s 2019-07-10
|t 2
|w 2015-07-06
|y BK
|
| 952 |
|
|
|0 0
|1 0
|2 ddc
|4 0
|6 954_920500000000000_BAN
|7 0
|9 61578
|a BRACUL
|b BRACUL
|c BNC
|d 2017-10-15
|e বিশ্বসাহিত্য ভবন
|g 900.00
|l 0
|o 954.9205 BAN
|p 3010032236
|r 2017-10-15
|t 3
|v 1000.00
|w 2017-10-15
|y BK
|